000 00499nam a2200193Ia 4500
003 0100
008 130303s9999 xx 000 0 und d
040 _cARRUPELIB
050 _aPQ845.L4R365
100 _aGeorges, Dominique
245 _aReines du sport
245 _bLectures cle en Francais Facile
260 _C1996
300 _a63p.
300 _b 17cm.
650 _bAugustine, St--Congresses
650 _cChurch History--Premitive and early church--Congresses
942 _2lcc
_01
999 _c57871
_d57871